| 000 | 00644nam a2200241Ia 4500 | ||
|---|---|---|---|
| 003 | OSt | ||
| 005 | 20221005101845.0 | ||
| 006 | a|||||r|||| 00| 0 | ||
| 007 | ta | ||
| 008 | 221004b |||||||| |||| 00| 0 eng d | ||
| 024 | _a17019 | ||
| 037 | _cTextual | ||
| 040 |
_aCRL _cCRL _beng |
||
| 041 |
_2eng _aeng |
||
| 082 | _az1n4n1N4,N46, M5 | ||
| 245 | 0 | _aYearbook of the United Nations 1981 | |
| 260 |
_aUnited _bNations Deparment of Public Information _c1985 |
||
| 300 |
_a1607p. _ccm. |
||
| 650 |
_a YEARBOOKS _91188 |
||
| 650 | _aGENERALIA | ||
| 942 |
_hz1n4n1N4,N46, M5 _cTEXL _2cc |
||
| 999 |
_c1007490 _d1007490 |
||